000 00356nam a22001457a 4500
020 _a81-7826-358-0
082 _a823
_bMIL/D
245 _aPARADISE LOST
_bSTORY OF ADAM AND EVE
246 _aPARADISE LOST
_bSTORY OF ADAM AND EVE
250 _a2003
260 _aDELHI
_bROHAN BOOK COMPANY
300 _a219
520 _aCHILDRENS SHORT STORY
942 _cBK
999 _c314
_d314